How to read a film: movies media and beyond (Record no. 168925)

MARC details
000 -LEADER
fixed length control field 00720nam a2200229Ia 4500
003 - CONTROL NUMBER IDENTIFIER
control field OSt
005 - DATE AND TIME OF LATEST TRANSACTION
control field 20230612160017.0
008 - FIXED-LENGTH DATA ELEMENTS--GENERAL INFORMATION
fixed length control field 210423s2009 xx 000 0 und d
020 ## - INTERNATIONAL STANDARD BOOK NUMBER
International Standard Book Number 978-0-19-532105-0
040 ## - CATALOGING SOURCE
Transcribing agency AL
041 ## - LANGUAGE CODE
Language code of text/sound track or separate title eng
082 ## - DEWEY DECIMAL CLASSIFICATION NUMBER
Classification number 791.43
Edition number 23
Item number MONH
100 ## - MAIN ENTRY--PERSONAL NAME
Personal name MONACO (James)
9 (RLIN) 20551
245 ## - TITLE STATEMENT
Title How to read a film: movies media and beyond
Remainder of title Art technology language history theory
250 ## - EDITION STATEMENT
Edition statement 4th rev.
260 ## - PUBLICATION, DISTRIBUTION, ETC.
Place of publication, distribution, etc. New York
Name of publisher, distributor, etc. Oxford University Press
Date of publication, distribution, etc. 2009
300 ## - PHYSICAL DESCRIPTION
Extent 729
Other physical details PB
365 ## - TRADE PRICE
Price amount 2100
Currency code INR
650 ## - SUBJECT ADDED ENTRY--TOPICAL TERM
Topical term or geographic name entry element Recreational & Performing Arts
9 (RLIN) 20552
906 ## - LOCAL DATA ELEMENT F, LDF (RLIN)
a Art ; beyond ; film: ; history ; How ; language ; media ; movies ; read ; technology ; theory
942 ## - ADDED ENTRY ELEMENTS (KOHA)
Source of classification or shelving scheme Dewey Decimal Classification
Koha item type Book
Holdings
Withdrawn status Lost status Source of classification or shelving scheme Damaged status Not for loan Collection code Home library Current library Date acquired Source of acquisition Cost, normal purchase price Total Checkouts Full call number Barcode Date last seen Date last checked out Price effective from Koha item type Total Renewals
    Dewey Decimal Classification     MAJMC St Aloysius PG Library St Aloysius PG Library 12/08/2017 Intact Bookhouse 2100.00 4 791.43 MONH PG015427 01/18/2024 10/19/2023 04/26/2021 Book  
          MAJMC St Aloysius PG Library St Aloysius PG Library 12/08/2017 Intact Bookhouse 2100.00 9 791.43 MONH PG015428 04/24/2024 04/15/2024 04/26/2021 Book 2